Gemeinden im Landkreis Ludwigsburg - Statistiken

Allgemein
  • Dieses Quiz wurde 290 mal gespielt
  • Das Durchschnittsergebnis liegt bei 18 aus 39
Antwortstatistiken
% Korrekt
Bietigheim-Bissingen
88%
Ludwigsburg
78%
Asperg
70%
Marbach am Neckar
70%
Kornwestheim
69%
Tamm
69%
Freiberg am Neckar
63%
Besigheim
60%
Markgröningen
57%
Remseck am Neckar
56%
Sachsenheim
56%
Vaihingen an der Enz
54%
Ditzingen
49%
Pleidelsheim
49%
Schwieberdingen
49%
Korntal-Münchingen
48%
Möglingen
47%
Affalterbach
46%
Murr
46%
Benningen am Neckar
45%
Gerlingen
42%
Steinheim an der Murr
42%
Löchgau
40%
Großbottwar
38%
Ingersheim
38%
Bönnigheim
37%
Sersheim
37%
Hemmingen
35%
Mundelsheim
35%
Erdmannhausen
32%
Kirchheim am Neckar
32%
Freudental
28%
Oberstenfeld
28%
Hessigheim
26%
Walheim
25%
Oberriexingen
24%
Gemmrigheim
22%
Eberdingen
21%
Erligheim
19%
Keine übereinstimmenden Quizze gefunden
Verteilung der Resultate
Anzahl Personen mit jedem Resultat
Perzentil nach korrekt beantworteten Fragen
Ihre Resultats-Entwicklung
Sie haben dieses Quiz noch nicht gespielt